Statistics for Word Chain - Nordic Countries

Click here to take the quiz!

General Stats

  • This quiz has been taken 47 times
  • The average score is 24 of 34

Answer Stats

HintAnswer% Correct
Item featured on the flags of all Nordic countriesCross
98%
Language spoken in CopenhagenDanish
98%
Capital of FinlandHelsinki
98%
Huge furniture retailerIKEA
98%
Capital of SwedenStockholm
98%
Award for science, peace and literatureNobel
93%
Capital of IcelandReykjavik
91%
Southernmost city in SwedenMalmö
86%
Sea that borders Denmark and NorwayNorth
86%
Sweden's most famous bandABBA
84%
Namesake for a temperature scaleCelsius
84%
Narrow ocean inlet characteristic of NorwayFjord
84%
Currency of Denmark (hint: crown)Krone
84%
Currency of FinlandEuro
77%
Mobile phone company based in EspooNokia
77%
Norse god associated with "Wednesday"Odin
77%
Circle of latitude at ca. 66° NorthArctic
75%
"Finland" in its native languageSuomi
75%
Polar whale with a distinctively long tuskNarwhal
68%
Second-largest city in NorwayBergen
66%
Swedish-Bosnian footballer ZlatanIbrahimović
66%
First name of actor LundgrenDolph
61%
Finland has over 187'000 of these on its territoryLakes
61%
Peninsula covering most of Sweden and NorwayScandinavia
61%
Famously held the skull of YorickHamlet
59%
Norwegian playwright HenrikIbsen
57%
1994 Winter Olympics host cityLillehammer
57%
Second-largest city in DenmarkAarhus
55%
Fairy tale writerAndersen
55%
Swedish aircraft company, famous for manufacturing "Gripen"Saab
45%
Bridge that connects the above to CopenhagenÖresund
43%
Parliament of Iceland, the world's oldestAlþingi
30%
Providing better insulation, this material was used to build houses in IcelandTurf
30%
Finnish Liverpool FC legend, 1999-2009Hyypiä
23%

Score Distribution

Percentile by Number Answered

Percent of People with Each Score

Your Score History

You have not taken this quiz